Statystyki dla Autobusy Poznańskie - linia 123

Kliknij tutaj aby rozwiązać quiz!

Ogólne statystyki

  • Ten quiz został rozwiązany 9 razy
  • Średni wynik to 7 z 11

Statystyki odpowiedzi

NumerPrzystanek% Poprawnych
1Krzesiny
100%
11Starołęka PKM
100%
3Garaszewo
78%
6Rondo Minikowo
78%
9Żeglarska
78%
5Radomska
67%
7Oświęcimska
56%
10Św. Antoniego
56%
8Kotwicza
44%
4Sandomierska
44%
2Śmigi
44%

Rozkład punktacji

Percentyl według liczby udzielonych odpowiedzi

Procent ludzi z każdym wynikiem

Twoja historia wyników

Nie rozwiązałeś tego quizu